Temporal GIS : (Registro nro. 2676)

Detalles MARC
000 -CABECERA
Campo de control 00972cam a22002414a 4500
005 - FECHA Y HORA DE LA ULTIMA TRANSACCION
Campo de control 20160331153108.0
008 - ELEMENTOS DE LONGITUD FIJA—INFORMACION GENERAL
Campo de control 010905s2001 gw a b 001 0 eng
020 ## - ISBN
ISBN 3540414762
040 ## - FUENTE DE CATALOGACIÓN
Agencia catalogadora original DLC
Agencia transcriptora DLC
Agencia Modificadora DLC
-- CO-BoIAVH
041 0# - IDIOMA
Código de idioma para texto/pista de sonido o título separado Inglés
044 ## - PAÍS DE PUBLICACIÓN
País de publicación Alemania
082 04 - NUMERO DE CLASIFICACION DECIMAL DEWEY
Número de clasificación 526.0285
Número del ítem C55t
100 1# - ASIENTO PRINCIPAL--NOMBRE PERSONAL
Nombre personal Christakos, George.
245 10 - MENCION DE TITULO
Título Temporal GIS :
Parte restante del título advanced functions for field-based applications /
Mención de responsabilidad George Christakos, Patrick Bogaert, Marc L. Serre.
260 ## - PUBLICACION, DISTRIBUCION, ETC. (PIE DE IMPRENTA)
Lugar de publicación, distribución, etc. Berlin :
-- New York :
Nombre del editor, distribuidor, etc. Springer,
Fecha de publicación, distribución, etc. c2001.
300 ## - DESCRIPCION FISICA
Extensión xii, 217 páginas :
Otros detalles físicos ilustraciones ;
Dimensiones 24 x 16 centímetros +
Material acompañante 1 CD-ROM (4 3/4 pulgadas)
504 ## - NOTA DE BIBLIOGRAFIA, ETC.
Nota de bibliografía Incluye referencias bibliográficas (páginas [209]-213) e índice.
650 #6 - ASIENTO SECUNDARIO DE MATERIA - TERMINO TEMATICO
Término temático o nombre geográfico como elemento de entrada Sistemas de información geográfica
Subdivisión general Statistical methods.
650 #0 - ASIENTO SECUNDARIO DE MATERIA - TERMINO TEMATICO
Término temático o nombre geográfico como elemento de entrada Bayesian statistical decision theory.
700 1# - ASIENTO SECUNDARIO - NOMBRE PERSONAL
Nombre personal Bogaert, Patrick,
Fechas asociadas con el nombre 1966-
Término de relación autor
700 1# - ASIENTO SECUNDARIO - NOMBRE PERSONAL
Nombre personal Serre, Marc L.,
Fechas asociadas con el nombre 1967-
Término de relación autor
942 ## - ELEMENTOS ADICIONALES (KOHA)
Sistema de clasificación Dewey Decimal Classification
Tipo de ítem Libro
Existencias
Withdrawn status Lost status Sistema de Clasificación Damaged status No para préstamo Colección Inventariado Ubicación Permanente Ubicación actual Fecha de adquisición Fuente de Valor Valor Total Checkouts Número topográfico Inventario / Código de Barras Date last seen Ejemplar Price effective from Forma de adquisición Tipo de material
    Dewey Decimal Classification     General Inventariado 2017 Bogotá Bogotá 11/06/2002 Instituto 39000.00   LB-526.0285 C55t 004977 04/12/2012 Ej. 1 04/12/2012 Compra Libro